000 00787nam a2200217 i 4500
999 _c88448
_d88448
001 C2-0282165
003 PPAK
005 20190625151019.0
008 071001s2005 xx |||| ||||| | may d
040 _aPPAK
_beng
_cPPAK
_erda
082 0 4 _a631.4
_223
090 0 0 _a631.4
_bUSA
_dKSS
245 0 0 _aUsahasama pembangunan tanah di lot no. PT 8943, Sg. Tekali, Hulu Langat, Selangor Darul Ehsan untuk pembinaan pusat latihan untuk Program Latihan Khidmat Negara (PLKN)
_bmemorandum persefahaman diantara Gabungan Persatuan Penulis Nasional Malaysia (GAPENA) dan Talian Saga (M) Sdn BHD
264 1 _c2005
300 _a6 pages ;
_c30 cm
336 _2rdacontent
_atext
337 _2rdamedia
_aunmediated
338 _2rdacarrier
_avolume
650 1 0 _aSocial Science
942 _cB
_2ddc